Central Library OPAC University of Rajshahi

Santal / (Record no. 29881)

MARC details
000 -LEADER
fixed length control field 00696nam a2200253 a 4500
001 - CONTROL NUMBER
control field 29881
003 - CONTROL NUMBER IDENTIFIER
rucl marc code BD-RjUL
005 - DATE AND TIME OF LATEST TRANSACTION
control field 20211209051457.0
008 - FIXED-LENGTH DATA ELEMENTS--GENERAL INFORMATION
fixed length control field 181031s1955 us b 000 0 eng
035 ## - SYSTEM CONTROL NUMBER
System control number (BD-RjUL)29966
040 ## - CATALOGING SOURCE
Original cataloging agency DLC
Transcribing agency ODaWU
Modifying agency OCoLC
-- DLC
-- BD-RjUL
Language of cataloging eng
041 ## - LANGUAGE CODE
Language code of text/sound track or separate title eng
082 ## - DEWEY DECIMAL CLASSIFICATION NUMBER
Classification number 227
Author mark and year FIS 1955
Edition number 23
100 1# - MAIN ENTRY--PERSONAL NAME
Personal name Firbank, Ronald
9 (RLIN) 224608
245 10 - TITLE STATEMENT
Title Santal /
Statement of responsibility, etc. Ronald Firbank
260 ## - PUBLICATION, DISTRIBUTION, ETC. (IMPRINT)
Place of publication, distribution, etc. [New York] :
Name of publisher, distributor, etc. Bonacio & Saul with Grove Press,
Date of publication, distribution, etc. [1955?]
300 ## - PHYSICAL DESCRIPTION
Pagination 55, [1] p. ;
Size 21 cm.
500 ## - GENERAL NOTE
General note 'A novel"
650 ## - SUBJECT ADDED ENTRY--TOPICAL TERM
Topical term or geographic name as entry element Spiritual life
9 (RLIN) 224604
Topical term or geographic name as entry element Africa, North
9 (RLIN) 224605
Topical term or geographic name as entry element Fiction
9 (RLIN) 224606
Topical term or geographic name as entry element Qurʼan
9 (RLIN) 224607
942 ## - ADDED ENTRY ELEMENTS (KOHA)
Source of classification or shelving scheme Dewey Decimal Classification
Koha item type Rare Books
Holdings
Lost status Source of classification or shelving scheme Damaged status Not for loan Collection code Permanent Location Current Location Shelving location Date acquired Source of acquisition Cost, normal purchase price Total Checkouts Full call number Date last seen Copy number Koha item type
  Dewey Decimal Classification   Not For Loan Rare Books Central Library, University of Rajshahi Central Library, University of Rajshahi Rare Book Section 02/02/1956 A. B. C. 19.80   RA 227 FIS 1955 31/10/2018 C-1 Rare Books